LEADER 01065nam--2200325---450- 001 990003552710203316 005 20110721092047.0 010 $a978-0-19-957265-6 035 $a000355271 035 $aUSA01000355271 035 $a(ALEPH)000355271USA01 035 $a000355271 100 $a20110721d2009----km-y0itay50------ba 101 $aita 102 $aIT 105 $ay|||||||001yy 200 1 $a<> free movement of capital and foreign direct investment$ethe scope of protection in EU law$fSteffen Hindelang 210 $aOxford$cOxford University Press$d2009 215 $aXLVI, 399 p.$d24 cm 606 0 $aCapitale$xCircolazione internazionale$xLegislazione comunitaria$2BNCF 676 $a343.2403$v22 700 1$aHINDELANG,$bSteffen$0510167 801 0$aIT$bsalbc$gISBD 912 $a990003552710203316 951 $aXXIII.4.K. 289$b71896 G.$cXXIII.4.K.$d00297908 959 $aBK 969 $aGIU 979 $aCHIARA$b90$c20110721$lUSA01$h0920 996 $aFree movement of capital and foreign direct investment$9765386 997 $aUNISA LEADER 03544nam 22005175 450 001 9910484515103321 005 20200713105658.0 010 $a3-658-13799-1 024 7 $a10.1007/978-3-658-13799-1 035 $a(CKB)3710000000734737 035 $a(DE-He213)978-3-658-13799-1 035 $a(MiAaPQ)EBC4561891 035 $a(EXLCZ)993710000000734737 100 $a20160620d2016 u| 0 101 0 $ager 135 $aurnn|008mamaa 181 $ctxt$2rdacontent 182 $cc$2rdamedia 183 $acr$2rdacarrier 200 14$aDie Führungskraft aus unterschiedlichen Blickwinkeln $eFührungsbeurteilung über quellenspezifische 360°-Skalen /$fvon Stefanie Puckett 205 $a1st ed. 2016. 210 1$aWiesbaden :$cSpringer Fachmedien Wiesbaden :$cImprint: Springer,$d2016. 215 $a1 online resource (XIII, 178 S. 11 Abb.) 225 0 $aResearch 311 $a3-658-13798-3 320 $aIncludes bibliographical references. 327 $aFührungsbeurteilung über 360°-Instrumente -- Erklärung von Urteilsunterschieden -- Beurteilergruppenunterschiede in der Genauigkeit der Messung einzelner Merkmale -- Unterschiede zwischen Einschätzergruppen in der faktoriellen Struktur der Fragebögen -- Derailment-Faktoren für das 360°-Feedback. 330 $aIm Rahmen der 360°-Beurteilung von Führungskräften schließt die vorliegende Studie von Stefanie Puckett eine Forschungslücke in der Analyse und im Einbeziehen von Unterschieden im Urteilsverhalten von Vorgesetzten, Kollegen und Mitarbeitern der Führungskraft. In einer breit angelegten empirischen Untersuchung wird auf Grundlage quellenspezifisch konstruierter Instrumente die Annahme spezifischer Beiträge der einzelnen Beurteilergruppen zur Beurteilung geprüft. Der Inhalt Führungsbeurteilung über 360°-Instrumente Erklärung von Urteilsunterschieden Beurteilergruppenunterschiede in der Genauigkeit der Messung einzelner Merkmale Unterschiede zwischen Einschätzergruppen in der faktoriellen Struktur der Fragebögen Derailment-Faktoren für das 360°-Feedback Die Zielgruppen Dozierende und Studierende der Arbeits-, Organisations- und Wirtschaftspsychologie; Diagnostik Praktiker in der Personalentwicklung sowie Unternehmensberatungen Die Autorin Dr. Stefanie Puckett ist nach langjähriger Arbeit im Unternehmensberatungs- und Personalbereich als Gründerin eines eigenen Unternehmens in der Beratung von Führungskräften und Personalabteilungen mit dem Schwerpunkt Führungsbeurteilung tätig. Die Dissertation hat sie als Externe am Psychologischen Institut der Johannes Gutenberg-Universität in Mainz verfasst. 606 $aExperiential research 606 $aEmployees?Coaching of 606 $aBusiness consultants 606 $aPsychology Research$3https://scigraph.springernature.com/ontologies/product-market-codes/Y20000 606 $aCoaching$3https://scigraph.springernature.com/ontologies/product-market-codes/517030 606 $aBusiness Consulting$3https://scigraph.springernature.com/ontologies/product-market-codes/527060 615 0$aExperiential research. 615 0$aEmployees?Coaching of. 615 0$aBusiness consultants. 615 14$aPsychology Research. 615 24$aCoaching. 615 24$aBusiness Consulting. 676 $a150.72 700 $aPuckett$b Stefanie$4aut$4http://id.loc.gov/vocabulary/relators/aut$01228469 906 $aBOOK 912 $a9910484515103321 996 $aDie Führungskraft aus unterschiedlichen Blickwinkeln$92851914 997 $aUNINA LEADER 03529nam0 2200661 i 450 001 LO10325214 005 20251003044208.0 010 $a8842043451 020 $aIT$b94-3807 100 $a19940128d1993 ||||0itac50 ba 101 | $aita 102 $ait 181 1$6z01$ai $bxxxe 182 1$6z01$an 200 1 $aˆL'‰Italia e il sistema finanziario internazionale, 1919-1936$fa cura di Marcello De Cecco$gdocumenti e note a cura di Pier Francesco Asso ... [et al.] 210 $aRoma [etc.]$cLaterza$d1993 215 $aXII, 1195 p.$d21 cm. 225 | $aCollana storica della Banca d'Italia.$i Ser. Documenti$v6 314 $aA CURA DI$9CFIV068974 410 0$1001CFI0167674$12001 $aCollana storica della Banca d'Italia.$i Ser. Documenti$v6$171202$aBanca d'Italia$3CFIV021176 606 $aItalia$xPolitica monetaria$x1919-1936$xDocumenti$2FIR$3CFIC069211$9I 606 $aFinanza internazionale$x1919-1936$xDocumenti$2FIR$3CFIC069212$9I 606 $aItalia$xPolitica monetaria$x1919-1936$xDocumenti$2FIR$3CFIC069211$9I 606 $aFinanza internazionale$x1919-1936$xDocumenti$2FIR$3CFIC069212$9I 676 $a332.0945$9ECONOMIA FINANZIARIA IN ITALIA$v20 676 $a332.0945$9ECONOMIA FINANZIARIA. Italia$v21 676 $a332.4$9Moneta$v12 676 $a332.4$9MONETA$v14 676 $a332.45$9SCAMBI INTERNAZIONALI$v20 676 $a332.4945$9Economia finanziaria. Moneta. Italia$v19 676 $a332.4945$9MONETA E POLITICA MONETARIA. ITALIA$v20 676 $a332.4945$9MONETA E POLITICA MONETARIA. Italia$v21 686 $a130.5$cFINANZA CREDITO E MONETA 1918-1939$2R 686 $aIT/1422.6$cPOLITICA ECONOMICA ITALIA 1918-1922$2R 686 $aIT/1435.3$cSISTEMA BANCARIO CREDITO RISPARMIO ITALIA 1918-1922$2R 686 $aIT/1622.6$cPOLITICA ECONOMICA ITALIA FASCISTA 1922-1939$2R 686 $aIT/1635.3$cSISTEMA BANCARIO CREDITO RISPARMIO ITALIA FASCISTA 1922-1939$2R 696 $aRisorse documentarie 696 $aRisorse documentarie 696 $aRisorse documentarie 696 $aRisorse documentarie 699 $aDocumenti$yRisorse documentarie 699 $aDocumenti$yRisorse documentarie 699 $aDocumenti$yRisorse documentarie 699 $aDocumenti$yRisorse documentarie 702 1$aAsso$b, Pier Francesco$3CFIV068963 702 1$aDe Cecco$b, Marcello$3CFIV068974 801 3$aIT$bIT-000000$c19940128 850 $aIT-BN0095 $aIT-AV0007 $aIT-NA0079 $aIT-NA0120 $aIT-NA0452 901 $bNAP AV$cSEZ. M 3 $n$ 901 $bNAP IS$cISEM $nSezione di storia economica dell'ex Istituto di storia economica del Mezzogiorno 901 $bNAP 01$cPOZZO LIB.$nVi sono collocati fondi di economia, periodici di ingegneria e scienze, periodici di economia e statistica e altri fondi comprendenti documenti di economia pervenuti in dono. 901 $bNAP BN$cCAU $n$ 912 $aLO10325214 950 0$aBiblioteca Centralizzata di Ateneo$c1 v. in due copie$d 01POZZO LIB.ECON MON 2689$e 0101 0000185955E VMA (bis 1 v. (2. copia) precedente collocazione sez. DASES A 169$fB $h20090608$i20090608$c1 v. in due copie$d 01POZZO LIB.ECON MON 2689$e 0101 0000086885E VMA 1 v. precedente collocazione sez. DASES A 169$fB $h20070913$i20070913 977 $a 01$a AV$a BN$a CR$a IS 996 $aItalia e il sistema finanziario internazionale, 1919-1936$963894 997 $aUNISANNIO